| 000 | 04618nam a22003377a 4500 | ||
|---|---|---|---|
| 001 | TIGAL 0016 | ||
| 003 | gtcocun | ||
| 005 | 20250922175456.0 | ||
| 006 | a||||gr|||| 00| 0 | ||
| 007 | ta | ||
| 008 | 250922b2019 gt ||||| m||| 00| 0 eng d | ||
| 040 |
_agtcocun _bSPA _cgtcocun _eRDA |
||
| 041 | _aSPA TIGAL 0016 | ||
| 084 | _0TIGAL 0016 | ||
| 100 |
_aArgueta Medina, Oscar Gilberto _eAutor |
||
| 245 |
_aPLAN DE MANEJO DE RESIDUOS Y DESECHOS SÓLIDOS, EN LA ESCUELA DE FORMACIÓN AGRÍCOLA DE COBÁN, ALTA VERAPAZ/ _cOscar Gilberto Argueta Medina. _hImpreso |
||
| 264 |
_aCobán, Alta Verapaz: _bUniversidad de San Carlos de Guatemala, Centro Universitario del Norte, Carrera de Ingeniería en Gestión Ambiental Local _c2019 |
||
| 300 |
_a132 p.: _bIlustraciones, gráficas. _c28 cm; |
||
| 300 | _cPDF | ||
| 336 |
_2rdacontenido _aTexto _btxt |
||
| 337 |
_2rdamedio _aComputadora _bn |
||
| 338 |
_2rdasoporte _aCódigo en línea _bcr |
||
| 502 | _eTIGAL 0016 | ||
| 502 |
_aTesis de grado _bCarrera de Ingeniería en Gestión Ambiental Local, _cUniversidad de San Carlos de Guatemala, Centro Universitario del Norte, Carrera de Ingeniería en Gestión Ambiental Local _d2019 _oTIGAL 0016 |
||
| 520 | 1 | 4 | _aLa Escuela de Formación Agrícola EFA de Cobán es regida por el Centro de Estudios Nacional Agrícolas y Forestales CENAFS y con respecto al manejo y tratamiento de sus desechos sólidos se basa en la Política Nacional para la Gestión Integral de Residuos y Desechos Acuerdo Gubernativo 281-2015. Se realizó una cuantificación y caracterización de los residuos y desechos sólidos RDS generados en la EFA de Cobán. Se determinaron las características físicas de peso promedio mensual de 1178.65 kg y una densidad compactada de 252.82 kg/m3. Los materiales más representativos con respecto al valor porcentual de peso fueron la materia orgánica equivalente al 43%, bioinfeccioso 10%, cartón 9%, plásticos PET 6%, duroport y similares 6%, telas y textiles 5%, tetra pack 4%, papel 2%, madera y follaje 2%, otros 2% y metal 1%. En cuanto a las características químicas, el análisis del porcentaje de humedad y kilocalorías/kilogramo se identificaron los porcentajes significativos de materia orgánica con 50.95%, madera y follaje 14.55%, papel 7.42%, cartón 3.78%, textiles 7.27% y metal 3.64% La distribución de la composición de materia orgánica fue de 816.32 kg equivalentes al 70% y materia inorgánica con un peso de 341.67 kg equivalentes al 30%, de un total del 100% de los residuos sólidos generados. En cuanto a las características químicas, el análisis del porcentaje de humedad y kilocalorías sobre kilogramos kj/kg se tomó como referencia el peso del material de los residuos sólidos, identificando: los porcentajes significativos de materia orgánica con 50.95%, madera y follaje 14.55%, papel 7.42%, cartón 3.78%, textiles 7.27% y metal 3.64%; con respecto a los elementos que presentan los materiales, se determinó que los más significativos son para el elemento carbono e hidrogeno (plásticos, vidrio, cartón y papel); oxigeno (caucho, papel, madera, follaje y cartón; nitrógeno (duroport y similares, vidrio, textiles); azufre (cartón, papel y textiles; para el elemento de ceniza metal, inertes, papel cartón y duroport). Estos principales hallazgos sirvieron como base para la elaboración del plan de manejo de los desechos y residuos sólidos RDS, acorde a las necesidades ambientales de la institución y a los recursos humanos y financieros que posee. Se propone implementar el plan para mitigar el impacto negativo al ambiente, en el área que ocupa la EFA de Cobán. La propuesta está orientada a la evaluación de aspectos de reutilización, reducción, reparación, reciclaje y regulación de los RDS (5 eres). La implementación de la propuesta tiene la finalidad, de minimizar los efectos negativos al ambiente y de carácter docente para la formación de los estudiantes y un efecto multiplicador de los conocimientos obtenidos, ya que los alumnos son procedentes de varias regiones del país, en donde pueden actuar como agentes de cambio. |
| 650 | 1 | 4 |
_2LEMB _aCobán, Alta Verapaz _xIngeniería en Gestión Ambiental Local _xEFA _xDesechos sólidos _xMateria orgánica _xPlásticos _xCaracterísticas químicas |
| 700 |
_aIng. Nery Alejandro Chocooj Barrientos _eAsesor |
||
| 856 |
_uhttps://drive.google.com/file/d/1Q8OY_CzXF7T9XxIBYJg0KbavKLZUM4R2/view _yPDF _zUn ejemplar en línea. |
||
| 942 |
_2ddc _cTES _iTIGAL 0016 _kClasificación _n0 _6TIGAL_0016_000000000000000 |
||
| 999 |
_c2054 _d2054 |
||